000 00978nam a2200205 4500
001 122682
003 ES-MaACL
005 20251220174043.0
007 t|
008 070214s1974 sp r ||||1| spa d
111 _aSeminario para la Elaboracion del Programa Nacional de Produccion Forestal
_c(Lourizán, Pontevedra
_d(1973)
_9218927
245 1 0 _aProblemática de la producción forestal
_b: extracto de trabajos y comunicaciones del Seminario celebrado en Lourizán (Pontevedra), 12-15 de noviembre de 1973, para la elaboración del Programa Nacional de Producción Forestal.
260 _aMadrid :
_bInstituto Nacional de Investigaciones Agrarias,
_c1974.
300 _a186 p. ;
_c24 cm.
490 1 _aComunicaciones INIA. Recursos naturales ;
_v1
710 2 _aInstituto Nacional de Investigaciones Agrarias (España)
_95168
830 0 _aComunicaciones INIA. Recursos naturales ;
_v1
_9218868
852 _aES-MaACL
_jL-4182
_bR.90887
999 _c122682
_d122682